000 00488nam a2200181Ia 4500
001 16580
005 20260306170320.0
008 260306t2011||||xx |||||||||||||| ||und||
041 _aESP
082 _a348.8
_bA11
100 _aAbanto Revilla, césar
_eAUT
245 0 _aCriterios jurisprudenciales relevantes sobre la acreditación de requisitos pensionarios
260 _c2011
300 _a215 páginas :
_c24 cm.
650 _aGEN
654 _aCDE
942 _cLIB
_dJUS
_fJUS
_2ddc
_n
999 _c16580
_d16580